अध्यापक शिक्षा / (Record no. 28485)
[ view plain ]
| 000 -LEADER | |
|---|---|
| fixed length control field | 01434nam a22002777a 4500 |
| 005 - DATE AND TIME OF LATEST TRANSACTION | |
| control field | 2009072101311.0 |
| 008 - FIXED-LENGTH DATA ELEMENTS--GENERAL INFORMATION | |
| fixed length control field | 090721t xxu||||| |||| 00| 0 hin d |
| 010 ## - LCCN (DPL NO) | |
| LC control number | HIN-87392 |
| 020 ## - INTERNATIONAL STANDARD BOOK NUMBER | |
| International Standard Book Number | 8189102710 |
| Terms of availability | 250.00 |
| 035 ## - SYSTEM CONTROL NUMBER | |
| System control number | HN-59738 |
| 037 ## - SOURCE OF ACQUISITION | |
| Source of stock number/acquisition | DBAD / PUB |
| 040 ## - CATALOGING SOURCE | |
| Original cataloging agency | dpl |
| Language of cataloging | hn |
| 082 ## - DEWEY DECIMAL CLASSIFICATION NUMBER | |
| Classification number | 370.11 |
| 100 ## - MAIN ENTRY--PERSONAL NAME | |
| Personal name | शास्त्री, के.एन. |
| 245 ## - TITLE STATEMENT | |
| Title | अध्यापक शिक्षा / |
| Remainder of title | के.एन.शास्त्री |
| 246 ## - VARYING FORM OF TITLE | |
| Title proper/short title | Adhyaapaka shikshaa |
| Remainder of title | by K.N.Shastri |
| 260 ## - PUBLICATION, DISTRIBUTION, ETC. (IMPRINT) | |
| Place of publication, distribution, etc | दिल्ली |
| Name of publisher, distributor, etc | प्रेरणा प्रकाशन |
| Date of publication, distribution, etc | 2009 |
| 270 ## - ADDRESS | |
| Address | सी-13, रोज अपार्टमेन्ट, सैक्टर-14 एक्सटेंशन, प्लॉट नं. डी-5, रोहिणी |
| City | दिल्ली |
| Postal code | 110085 |
| Telephone number | 011-23290142, 011-27241050, 9868028838 |
| 300 ## - PHYSICAL DESCRIPTION | |
| Extent | 280पृ. |
| Dimensions | 22सेमी (अजिल्द) |
| 650 ## - SUBJECT ADDED ENTRY--TOPICAL TERM | |
| Topical term or geographic name as entry element | शिक्षा |
| General subdivision | अध्ययन एवं अध्यापन |
| 650 ## - SUBJECT ADDED ENTRY--TOPICAL TERM | |
| Topical term or geographic name as entry element | Education |
| General subdivision | Study and teaching |
| 650 ## - SUBJECT ADDED ENTRY--TOPICAL TERM | |
| Topical term or geographic name as entry element | अध्यापक |
| General subdivision | प्रशिक्षण |
| 650 ## - SUBJECT ADDED ENTRY--TOPICAL TERM | |
| Topical term or geographic name as entry element | Teachers |
| General subdivision | Training of |
| 942 ## - ADDED ENTRY ELEMENTS (KOHA) | |
| Source of classification or shelving scheme | Dewey Decimal Classification |
| Item type | Hindi Books |
| Call number suffix | शास्त्रीके |
| Classification part | 370.11 |
| Withdrawn status | Lost status | Source of classification or shelving scheme | Damaged status | Not for loan | Home library | Current library | Date acquired | Source of acquisition | Cost, normal purchase price | Total Checkouts | Full call number | Barcode | Date last seen | Copy number | Cost, replacement price | Koha item type |
|---|---|---|---|---|---|---|---|---|---|---|---|---|---|---|---|---|
| Dewey Decimal Classification | Not For Loan | D.B.Act.Division | D.B.Act.Division | 21/07/2009 | DBAD / PUB | 250.00 | शास्त्रीके | HN-59738 | 21/07/2009 | 1 | 250.00 | Hindi Books |
